00389nam a2200121Ia 4500008004100000082001900041100001900060245001900079260007300098300001000171630001800181650006800199211109s9999||||xx |||||||||||||| ||und|| a891.434bPUS-K aHirlal, Pushpa 0aKala Se Bekhav bFree Distribution Hindi Books Under ScheaMe Of Propatation Anc1900 a117p. xGeneral stack aHindi literaturevHindi fictionxLiterature & rhetoricGeneralia